| 000 | 01153nam a22003617b 4500 | ||
|---|---|---|---|
| 001 | 00522042 | ||
| 003 | DO-SdBPM | ||
| 005 | 20260123083810.0 | ||
| 007 | ta | ||
| 008 | 961009s2000 sp || ||spa | ||
| 020 | _a8483106752 | ||
| 040 |
_aDO-SdBPM _bspa _cBPMSU _e rda _drda |
||
| 082 | 4 |
_a928 _bP191s 2000 _222 |
|
| 100 | 1 |
_aPanero, Juan Luis, _d1942-2013. _eautor _4aut. |
|
| 245 | 1 | 0 |
_a Sin rumbo cierto : _b memorias conversadas con Fernando Valls / _c Juan Luis Panero. _h |
| 250 | _a | ||
| 260 |
_a _b _c |
||
| 264 |
_aBarcelona : _bTusquets Editores, _c2000 |
||
| 300 |
_a229 páginas : _bilustraciones ; _c23 cm |
||
| 336 |
_atexto _btxt _2rdacontent |
||
| 337 |
_asin mediación _bn _2rdamedia |
||
| 338 |
_avolumen _bnc _2rdacarrier |
||
| 490 | 0 |
_aTiempo de memoria, _v1 |
|
| 500 | _aIncluye índice. | ||
| 586 | _aXII Premio Comillas. | ||
| 590 | _aInventariado, 2026/VM | ||
| 600 | 1 | 7 |
_aPanero, Juan Luis, _d 1942-2013. _v Colecciones de escritos. |
| 650 | 7 |
_aPoesías española _x |
|
| 650 | 7 | _aLiteratura española | |
| 700 | 1 | _aValls, Fernando. | |
| 910 | _aVMateo V. Control de calidad. BPMSU | ||
| 942 |
_2ddc _cBK |
||
| 999 |
_c15619 _d15619 |
||